| 000 | 00686nam a22002057a 4500 | ||
|---|---|---|---|
| 999 |
_c61714 _d61714 |
||
| 005 | 20240419161119.0 | ||
| 008 | 240419s2007 enk||||| |||| 00| 0 eng d | ||
| 020 | _a9789996013706x | ||
| 041 | _aeng | ||
| 080 | _a616.6 C-18 | ||
| 245 |
_aCampbell-Walsh Urology : _bvolume 1 / _cEditor Alan J. Wein, Louis R. Kavoussi. |
||
| 250 | _aNinth Edition | ||
| 264 |
_aPhiladelphia : _bSaunders, _c2008. |
||
| 300 |
_a1127 p. : _bill.; _c 29 cm. |
||
| 653 | _aუროლოგია | ||
| 653 | _aმედიცინა | ||
| 700 |
_aWein, Alan J _eრედაქტორი _99480 |
||
| 700 |
_aKavoussi, Louis R. _eრედაქტორი _99481 |
||
| 942 |
_2udc _cᲬᲘᲒᲜᲘ |
||